000 00881nam a22002537a 4500
001 89859
003 UA-OsUOA
005 20230727160941.0
007 ta
008 20121112b un ||||| |||| 00| 0 ukr d
020 _a5333000549
040 _aUA-OsUOA
_bukr
_cUA-OsUOA
_dUA-OsUOA
041 _aukr
080 _a821.161.2
090 _a821.161.2
_bК12
100 _aКагарлицький М.
245 _aНаодинці з совістю. Образи діячів української культури
_cМикола Кагарлицький
260 _aК.
_bРадянський письменник
_c1988
300 _a485 с.
650 7 _a821 Художня література окремими мовами і мовними сім'ями
_2UDC
942 _cBK
_2udc
955 _a3
999 _c376135
_d376135